000 00349pab a2200133 454500
008 180718b2015 xxu||||| |||| 00| 0 eng d
245 _aNew series of national accounts: A review (Notes)
260 _c2015
300 _ap.74-78.
362 _a14 Feb
650 _aNational accounting
773 _aEconomic and Political Weekly
909 _a107196
999 _c107191
_d107191